Can you name the countries with most islands? - Statistics

General Stats
  • This quiz has been taken 67 times
  • The average score is 11 of 15
Answer Stats
Hint Answer % Correct
52,455 Canada
95%
17,504 Indonesia
95%
18,617 USA
93%
6,852 Japan
88%
239,057 Norway
88%
5,000 China
87%
7,641 Philippines
87%
267,570 Sweden
83%
8,222 Australia
80%
178,947 Finland
78%
5,000 Chile
70%
4,400 South Korea
43%
4,000 Vietnam
38%
3,579 North Korea
33%
4,195 Cuba
18%
No matching quizzes found
Score Distribution
Percent of People with Each Score
Percentile by Number Answered
Your Score History
You have not taken this quiz